Τετράδιο γυμνασμάτων, Β΄
Αποθηκεύτηκε σε:
| Κύριος συγγραφέας: | |
|---|---|
| Άλλοι συγγραφείς: | |
| Μορφή: | Βιβλίο |
| Γλώσσα: | Greek |
| Δημοσίευση: |
Αθήνα :
Ίκαρος,
1976.
|
| Θέματα: | |
| Ετικέτες: |
Προσθήκη ετικέτας
Δεν υπάρχουν, Καταχωρήστε ετικέτα πρώτοι!
|
MARC
| LEADER | 00000cam a2200000 a 4500 | ||
|---|---|---|---|
| 001 | 1/118481 | ||
| 008 | 190422s1976####gr | ||| |||| ||gre|| | ||
| 040 | |a GR-MyUa |b gre |c GR-MyUa |e AACR2 | ||
| 041 | 0 | |a gre | |
| 082 | 7 | |a 889.132 |2 (23) | |
| 100 | 1 | |a Σεφέρης, Γιώργος, |d 1900-1971. | |
| 245 | 1 | 0 | |a Τετράδιο γυμνασμάτων, Β΄ / |c Γιώργος Σεφέρης ; επιμέλεια: Γ.Π. Σαββίδης. |
| 260 | |a Αθήνα : |b Ίκαρος, |c 1976. | ||
| 300 | |a 183 σ. ; |c 21 εκ. | ||
| 650 | 0 | |a Greek poetry, Modern |y 20th century. | |
| 650 | 0 | |a Greek literature, Modern |y 20th century. | |
| 700 | 1 | |a Σαββίδης, Γιώργος Π., |d 1929-1995, |e edt | |
| 852 | |a INST |b RHODES |c AKA |e 20190422 |h 889.132 ΣΕΦ |p 005400040658 |q 005400040658 |t BK |y 0 | ||
| 970 | |z 22-04-2019 | ||